[Event "NCA-ch Fase 2"]
[Site "Managua"]
[Date "2022.01.30"]
[Round "6"]
[White "Lopez Lopez, Manuel"]
[Black "Espinoza Ortega, Yader Francisco"]
[Result "1-0"]
[WhiteElo "1396"]
[BlackElo "1534"]
[PlyCount "87"]
[EventDate "2022.01.22"]
[EventType "swiss"]
[EventRounds "9"]
[EventCountry "NCA"]
[SourceTitle "CBM 207 Extra"]
[Source "ChessBase"]
[SourceDate "2022.05.31"]
[SourceVersion "1"]
[SourceVersionDate "2022.05.31"]
[SourceQuality "1"]

1. d4 Nf6 2. Nf3 e6 3. e3 c5 4. c3 cxd4 5. cxd4 b6 6. Bd3 Bb7 7. 0-0 Be7 8. Qe2 0-0 9. Nbd2 Qc7 10. e4 d6 11. Re1 Nbd7 12. Nf1 d5 13. e5 Ne4 14. Ng3 f5 15. Bf4 g5 16. Bd2 g4 17. Bxe4 dxe4 18. Ng5 Bxg5 19. Bxg5 Qc8 20. Rac1 Qe8 21. Bh6 Rf7 22. Qe3 Kh8 23. Rc7 Nxe5 24. Rxb7 Nc4 25. Qc3 Rxb7 26. d5+ Kg8 27. Qxc4 Rc8 28. Qd4 Rd8 29. d6 Qf7 30. Qe5 Rbd7 31. Rd1 Qg6 32. Be3 h5 33. Ne2 Qf7 34. Nf4 Re8 35. Rc1 Qf8 36. Rd1 Red8 37. Qxe6+ Qf7 38. Qe5 Qxa2 39. Nxh5 Qf7 40. Nf6+ Kf8 41. Nxd7+ Qxd7 42. Qf6+ Kg8 43. Qg6+ Kf8 44. Bh6+ 1-0

[Event "NCA-chT 1st Stage"]
[Site "Managua"]
[Date "2021.09.26"]
[Round "3.3"]
[White "Garcia Montoya, Anderson Steven"]
[Black "Espinoza Ortega, Yader Francisco"]
[Result "0-1"]
[WhiteElo "1299"]
[BlackElo "1544"]
[PlyCount "134"]
[EventDate "2021.09.25"]
[EventType "team-swiss"]
[EventRounds "9"]
[EventCountry "NCA"]
[SourceTitle "EXT 2023"]
[Source "ChessBase"]
[SourceDate "2022.10.05"]
[SourceVersion "1"]
[SourceVersionDate "2022.10.05"]
[SourceQuality "1"]
[WhiteTeam "UNI B"]
[BlackTeam "Ciudad Sandino"]
[WhiteTeamCountry "NCA"]
[BlackTeamCountry "NCA"]

1. d4 Nf6 2. Nf3 e6 3. Bf4 c5 4. c3 Qb6 5. Qc2 Nc6 6. e3 cxd4 7. exd4 Be7 8. h3 d5 9. Bd3 Bd7 10. Nbd2 Rc8 11. Qb3 Qd8 12. Qxb7 Na5 13. Qxa7 Ra8 14. Qc7 0-0 15. Qxd8 Rfxd8 16. Bc7 Rdc8 17. Bxa5 Rxa5 18. Nb3 Raa8 19. 0-0 Ne8 20. Ne5 Ba4 21. Nd2 f6 22. Nef3 Rab8 23. Rab1 Bd6 24. Rfe1 Bd7 25. c4 Bb4 26. cxd5 exd5 27. a3 Bd6 28. Nh4 g6 29. Ndf3 Ng7 30. Nh2 Ne6 31. N4f3 Nf4 32. Bf1 Rc2 33. b4 Bf5 34. Rbc1 Rbc8 35. Rxc2 Rxc2 36. Nh4 Bd3 37. Re3 Rc1 38. N4f3 Ra1 39. Ne1 Ne2+ 40. Bxe2 Rxe1+ 41. Bf1 Bxh2+ 42. Kxh2 Rxe3 43. fxe3 Bxf1 44. Kg1 Bb5 45. Kf2 Kf7 46. Kf3 h5 47. g3 Ke6 48. Kf4 Be2 49. g4 h4 50. g5 Bd1 51. b5 Ba4 52. b6 Bc6 53. a4 Bb7 54. a5 f5 55. Kf3 Kd6 56. Kf4 Ba6 57. Kf3 Kc6 58. Kf4 Bf1 59. Ke5 Bxh3 60. Kf6 f4 61. e4 f3 62. exd5+ Kb7 63. d6 f2 64. Kxg6 f1Q 65. Kh6 Qf8+ 66. Kh5 Qxd6 67. g6 Bf5 0-1

[Event "Managua Gomez Argenal Memorial 19th"]
[Site "Managua"]
[Date "2019.06.16"]
[Round "9"]
[White "Ortiz, Heriberto"]
[Black "Espinoza Ortega, Yader Francisco"]
[Result "1-0"]
[WhiteElo "1884"]
[BlackElo "1476"]
[PlyCount "78"]
[EventDate "2019.06.16"]
[EventType "swiss"]
[EventRounds "9"]
[EventCountry "NCA"]
[SourceTitle "EXT 2020"]
[Source "ChessBase"]
[SourceDate "2019.10.17"]
[SourceVersion "1"]
[SourceVersionDate "2019.10.17"]
[SourceQuality "1"]

1. e4 c5 2. Nf3 d6 3. Bc4 Nc6 4. Nc3 g6 5. d4 cxd4 6. Nxd4 Bg7 7. Nxc6 bxc6 8. Qf3 Nf6 9. e5 dxe5 10. Qxc6+ Bd7 11. Qb7 Rc8 12. Bb3 Bc6 13. Qxa7 Bxg2 14. Rg1 Bc6 15. Bg5 0-0 16. Rd1 Qe8 17. Qe3 Rd8 18. Bh6 Rxd1+ 19. Kxd1 Bf3+ 20. Kc1 Ng4 21. Rxg4 Bxh6 22. Qxh6 Bxg4 23. Qg5 Qd7 24. Qxe5 Rd8 25. Nd5 Bf3 26. c4 Bxd5 27. cxd5 Rc8+ 28. Kb1 Qg4 29. a3 Qg1+ 30. Ka2 Rc1 31. Ba4 Ra1+ 32. Kb3 Qd1+ 33. Kb4 Qd2+ 34. Kb5 Rb1 35. b3 Re1 36. Qb8+ Kg7 37. Qb7 Qe2+ 38. Ka5 Qd2+ 39. b4 Re5 1-0